[Event "Pfalz-ch HT1 87th"]
[Site "Landau"]
[Date "2018.03.30"]
[Round "5"]
[White "Schmidt, Justus"]
[Black "Baier, Philip"]
[Result "1-0"]
[WhiteElo "2139"]
[BlackElo "1832"]
[PlyCount "79"]
[EventDate "2018.03.23"]
[EventType "swiss"]
[EventRounds "7"]
[EventCountry "GER"]
[SourceTitle "EXT 2019"]
[Source "ChessBase"]
[SourceDate "2018.10.10"]
[SourceVersion "1"]
[SourceVersionDate "2018.10.10"]
[SourceQuality "1"]

1. e4 c5 2. Nf3 d6 3. d3 Nc6 4. g3 e5 5. Bg2 Be7 6. c3 Be6 7. Na3 Qd7 8. h3 h6 9. Nc2 Nf6 10. Qe2 0-0 11. g4 d5 12. 0-0 dxe4 13. dxe4 Rfd8 14. Re1 Rab8 15. a4 Qd3 16. Qxd3 Rxd3 17. Ne3 g6 18. Bf1 Rd6 19. Nc4 Bxc4 20. Bxc4 Kg7 21. Bb5 Nd7 22. Be3 a6 23. Bf1 Re6 24. Bc4 Rd6 25. Red1 Rxd1+ 26. Rxd1 Nb6 27. Bb3 Na5 28. Bc2 Nac4 29. Bc1 f6 30. b3 Nd6 31. Be3 Nd7 32. Nd2 b5 33. axb5 axb5 34. Ra1 Rb7 35. Bd3 Nf7 36. Ra5 b4 37. cxb4 cxb4 38. Nc4 Nd6 39. Rd5 Nxc4 40. Bxc4 1-0

[Event "Pfalz-ch HT1 87th"]
[Site "Landau"]
[Date "2018.03.25"]
[Round "3"]
[White "Sauer, Wolfgang"]
[Black "Baier, Philip"]
[Result "0-1"]
[WhiteElo "1328"]
[BlackElo "1832"]
[PlyCount "32"]
[EventDate "2018.03.23"]
[EventType "swiss"]
[EventRounds "7"]
[EventCountry "GER"]
[SourceTitle "EXT 2019"]
[Source "ChessBase"]
[SourceDate "2018.10.10"]
[SourceVersion "1"]
[SourceVersionDate "2018.10.10"]
[SourceQuality "1"]

1. c4 Nf6 2. g3 g6 3. Bg2 Bg7 4. e3 0-0 5. Nc3 c6 6. d3 d5 7. Nge2 e5 8. 0-0 Be6 9. h3 dxc4 10. d4 Nd5 11. Qa4 Nd7 12. Qxc4 Nxe3 13. Qd3 Nxf1 14. Kxf1 Nb6 15. Be3 Bc4 16. Qd2 exd4 0-1

[Event "Rheinland Pfalz op 5th"]
[Site "Worms"]
[Date "2013.05.30"]
[Round "2"]
[White "Mueller, Markus"]
[Black "Baier, Philip"]
[Result "1-0"]
[WhiteElo "2167"]
[BlackElo "1904"]
[PlyCount "52"]
[EventDate "2013.05.30"]
[EventType "swiss"]
[EventRounds "7"]
[EventCountry "GER"]
[SourceTitle "EXT 2014"]
[Source "ChessBase"]
[SourceDate "2013.11.20"]
[SourceVersion "1"]
[SourceVersionDate "2013.11.20"]
[SourceQuality "1"]

1. e4 c5 2. Nf3 d6 3. Bb5+ Nc6 4. d4 cxd4 5. Qxd4 Bd7 6. Bxc6 Bxc6 7. Nc3 e5 8. Qd3 Be7 9. 0-0 Nf6 10. Bg5 0-0 11. Rad1 Ne8 12. Bxe7 Qxe7 13. Nd5 Qe6 14. c4 Bxd5 15. Qxd5 Qxd5 16. Rxd5 Rc8 17. b3 f6 18. Rfd1 b6 19. Nd2 Kf7 20. Nb1 Ke6 21. Nc3 a6 22. R5d3 Rc6 23. a4 Rf7 24. Nd5 Ra7 25. g3 Rc5 26. Nxb6 Rb7 1-0

[Event "Pfalz op 03rd"]
[Site "Neustadt an der Weinstrasse"]
[Date "2012.02.20"]
[Round "2"]
[White "Moehn, Hans"]
[Black "Baier, Philip"]
[Result "1-0"]
[WhiteElo "2103"]
[BlackElo "1961"]
[PlyCount "57"]
[EventDate "2012.02.17"]
[EventType "swiss"]
[EventRounds "9"]
[EventCountry "GER"]
[SourceTitle "EXT 2013"]
[Source "ChessBase"]
[SourceDate "2012.11.22"]
[SourceVersion "1"]
[SourceVersionDate "2012.11.22"]
[SourceQuality "1"]

1. e4 d6 2. d4 Nf6 3. Nc3 g6 4. Be3 Bg7 5. Qd2 c6 6. f3 Nbd7 7. g4 b5 8. g5 Ng8 9. Nce2 Nb6 10. Ng3 Qc7 11. h4 e6 12. h5 d5 13. e5 Na4 14. b3 Nb6 15. f4 Ne7 16. Nf3 Bb7 17. Nh2 Nd7 18. Ng4 Nf5 19. Nxf5 gxf5 20. Nf6+ Nxf6 21. gxf6 Bf8 22. a4 a6 23. Rg1 Qb6 24. Rg3 c5 25. dxc5 Bxc5 26. Bxc5 Qxc5 27. axb5 axb5 28. Rxa8+ Bxa8 29. Qa5 1-0

[Event "Rheinland Pfalz op 3rd"]
[Site "Gau Algesheim"]
[Date "2011.07.29"]
[Round "3"]
[White "Faldum, Manfred"]
[Black "Baier, Philip"]
[Result "1/2-1/2"]
[WhiteElo "2031"]
[BlackElo "1764"]
[PlyCount "42"]
[EventDate "2011.07.28"]
[EventType "swiss"]
[EventRounds "7"]
[EventCountry "GER"]
[SourceTitle "EXT 2013"]
[Source "ChessBase"]
[SourceDate "2012.11.22"]
[SourceVersion "1"]
[SourceVersionDate "2012.11.22"]
[SourceQuality "1"]

1. e4 c5 2. d3 e6 3. g3 Nc6 4. Bg2 g6 5. Nf3 Bg7 6. 0-0 d6 7. c3 Nf6 8. Ne1 d5 9. Qe2 d4 10. f4 0-0 11. g4 h5 12. gxh5 Nxh5 13. Bf3 Nf6 14. h4 Bh6 15. Na3 Kh7 16. h5 gxh5 17. Bxh5 Rg8+ 18. Kf2 Ng4+ 19. Bxg4 Qh4+ 20. Kg1 Rxg4+ 21. Ng2 Bd7 1/2-1/2